| 000 | 00818nam a22002777a 4500 | ||
|---|---|---|---|
| 001 | 9017 | ||
| 003 | FISKH | ||
| 005 | 20251114100728.0 | ||
| 008 | 251114b cb ||||| |||| 00| 0 eng d | ||
| 020 | _a9780439204248 | ||
| 040 |
_aFISKH _beng _cFISKH _dFISKH |
||
| 050 | _aPZ7.M26572 .10 | ||
| 082 | _a591.994 | ||
| 100 |
_aCarmi, Rebecca _eAuthor |
||
| 245 |
_aExpedition down under : _bThe magic school bus chapter book / _cby Rebecca Carmi |
||
| 260 |
_aNew York : _bScholastic Inc. , _c2002 |
||
| 300 |
_a87 pages : _billustrations ; _c20 cm |
||
| 505 | _aR | ||
| 520 | _aMiss Frizzle's class travel to Australia. | ||
| 521 | 8 |
_a700
_bLexile estimate |
|
| 521 | 8 |
_aR
_bRaz-Plus |
|
| 650 |
_aChapter book _vChildren's |
||
| 700 |
_aSpeirs, John _eIllustrator |
||
| 942 |
_2ddc _cBK _n0 |
||
| 999 |
_c9017 _d9017 |
||